|
|
|
|
| LEADER |
00000nab a2200000 a 4500 |
| 001 |
vtls000849993 |
| 003 |
SK-MaSNL |
| 005 |
20260304105010.0 |
| 008 |
250429c2003 xo 0 slo |
| 015 |
|
|
|a SNBRB2003/10-30186
|
| 035 |
|
|
|a CLN000201648
|
| 035 |
|
|
|a (urnnbn)urn:nbn:sk:snk:ar-006phs
|
| 035 |
|
|
|a (uuid)6f9bfdcc-55bb-49de-bb02-cfb47676b6fb
|
| 035 |
|
|
|a urn:nbn:sk:snk-ab87nk
|
| 040 |
|
|
|a SNKBUCL
|b slo
|c SNKBUCL
|e AACR2
|
| 041 |
0 |
|
|a slo
|
| 044 |
|
|
|a xo
|c SK
|
| 080 |
|
|
|a 631.115.1(437.6)
|2 1997
|
| 100 |
1 |
|
|a Malík, Vladimír,
|d 1931-2007
|4 aut
|9 229350
|
| 245 |
1 |
0 |
|a Pridomové farmy
|c Vladimír Malík
|
| 650 |
0 |
7 |
|a farmy pridomové
|z Slovensko
|2 snkbucl
|9 1405765
|
| 655 |
|
7 |
|a články z novín a časopisov
|2 snkbucl
|9 267496
|
| 773 |
0 |
|
|t Slovenský chov
|g Roč. 8, č. 8 (2003), s. 44
|x 1335-1990
|
| 850 |
|
|
|a Slovenská národná knižnica
|
| 852 |
|
|
|a Slovenská národná knižnica
|
| 954 |
|
|
|a odborná, vedecká literatúra pôvodná (slovenská)
|2 lita
|
| 958 |
|
|
|a article9
|
| 958 |
|
|
|a OND
|
| 958 |
|
|
|a SK
|
| 958 |
|
|
|a EUIPO
|
| 999 |
|
|
|c 2853913
|d 2855843
|